Retrouvez qui a dit cette réplique (disney/pixar #9 - Statistiques

Statistiques générales
  • Ce quiz a été pris 660 fois
    517 depuis la dernière actualisation
  • Le résultat moyen est 6 sur 15
Statistiques - réponses
Hint Réplique Réponse % Correct
4 Tu ne sortiras jamais de cette tour, tu entends ? Mère gothel (Raiponce)
75%
1 Et comment s'appelle le drôle d'animal qui ressemble à un âne ? Olaf (La reine des neiges)
73%
6 Non je ne vous permets pas et je vous demande de quitter les lieux. La fête est terminée refermez les portes. Elsa (la reine des neiges)
70%
2 Mais maman, je n'ai aucune envie de grandir ! Wendy (Peter pan)
66%
3 Cette horloge quelle rabat joie. Oui je t'ai entendu. Cendrillon
56%
9 Je sais qu'il a l'air méchant mais il est très tendre et très gentil. C'est mon ami. Belle (La belle et la bête)
46%
15 Tu commences par l'appeler et tu finis par t'attacher ! Maintenant tu nous déblaies ta Bouh du plancher ou je pique une crise !! Bob Razowski (Monstres et cie)
38%
10 Bah alors tu n'a qu'a me vendre et acheter un lapin à la place ! Lilo (Lilo et Stitch)
33%
7 Pour avoir aidé une personne agée et pour avoir accompli bien plus que ton devoir, je te félicite. Carl (La haut)
32%
8 Emmène là sur la lune pour moi d'accord ? Bing Bong (Vice versa)
31%
11 Destin pour changer, renoue les liens, répare le mal causé par l'orgueil. Mérida (Rebelle)
25%
12 Parce que mon Emily était pareil elle était tout ce que j'avais au monde. Jessie (Toy story 2)
20%
5 T'es déjà aller au village des humains ? Luca
14%
14 J'aime bien le sable c'est tout mou. Dory (Le monde de Dory)
11%
13 Un peu trop poilu et un peu trop baveux à mon goût. Eureka (La petite sirène)
9%
Aucun quiz correspondant
Distribution des résultats
% des personnes avec chaque résultat
Percentile par nombre de réponses
Votre historique - résultats
Vous n’avez pas pris ce quiz depuis la dernière actualisation